书目信息 |
| 题名: |
英汉教育技术词典
|
|
| 作者: | 陈士源 , 施行 , 杨惠中 主编 | |
| 分册: | ||
| 出版信息: | 上海 上海外语教育出版社 1985 |
|
| 页数: | 473页 | |
| 开本: | 19cm | |
| 丛书名: | ||
| 单 册: | ||
| 中图分类: | G431-61 | |
| 科图分类: | ||
| 主题词: | 电化教育--词典--英、中 | |
| 电子资源: | ||
| ISBN: | ||
| 000 | 00757nam0 2200265 45 | |
| 001 | 0185018018 | |
| 005 | 20060420105415.06 | |
| 010 | @dCNY3.15 | |
| 091 | @a9218.005 | |
| 100 | @a19900816d1985 emky0chiy0121 ea | |
| 101 | 2 | @achi@aeng |
| 102 | @aCN@b310000 | |
| 105 | @ay e 000yy | |
| 200 | 10 | @a英汉教育技术词典@Aying han jiao yu ji shu ci dian@f陈士源等主编@Fchen shi yuan deng zhu bian |
| 210 | @a上海@c上海外语教育出版社@d1985 | |
| 215 | @a473页@d19cm | |
| 606 | @a电化教育@x词典@x英、中 | |
| 610 | 0 | @a教育技术 |
| 690 | @aG431-61@v3 | |
| 701 | 0 | @a陈士源@Achen shi yuan@4主编 |
| 701 | 0 | @a施行@Ashi xing@4主编 |
| 701 | 0 | @a杨惠中@Ayang hui zhong@4主编 |
| 801 | 2 | @aCN@bNLC@c20060420 |
| 801 | 0 | @aCN@bTSSF |
| 905 | @a10447@dG431-61@e8 | |
| 英汉教育技术词典/陈士源等主编.-上海:上海外语教育出版社,1985 |
| 473页;19cm |
| ISBN :CNY3.15 |
| ● |
| 相关链接 |
|
|
|
|
正题名:英汉教育技术词典
索取号:G431-61/8
 
预约/预借
| 序号 | 登录号 | 条形码 | 馆藏地/架位号 | 状态 | 备注 |
| 1 | 0153010 | 001171225 | 密集书库/ [索取号:G431-61/8] | 在馆 | |
| 2 | 0153011 | 001171252 | 密集书库/ [索取号:G431-61/8] | 在馆 |